| 000 | 00370nam a2200145Ia 4500 | ||
|---|---|---|---|
| 008 | 150201s2013 xx 000 0 und d | ||
| 082 |
_a614 _bM13T |
||
| 100 | _aTIWARI, POORNIMA | ||
| 245 | _aMASTERING PRACTICALS COMMUNITY MEDICINE | ||
| 250 | _a1ST | ||
| 260 |
_bWOLTERS KLUWER _aINDIA _c2013 |
||
| 300 | _a1-215 | ||
| 650 | _aCOMMUNITY MEDICINE | ||
| 942 |
_2ddc _cBK _054 |
||
| 999 |
_c1619 _d1619 |
||